ՀՀ Գիտությունների ազգային ակադեմիայի հիմնարար գիտական գրադարան  =   Fundamental Scientific Library of NAS RA

Astoria : (Record no. 541237)

MARC details
000 -LEADER
fixed length control field 00683nam a2200205 a 4500
001 - CONTROL NUMBER
control field 000727014
003 - CONTROL NUMBER IDENTIFIER
control field AM-YEHGA
005 - DATE AND TIME OF LATEST TRANSACTION
control field 20260309155121.0
008 - FIXED-LENGTH DATA ELEMENTS--GENERAL INFORMATION
fixed length control field 100409s1993 fr gr 000 0 fre d
020 ## - INTERNATIONAL STANDARD BOOK NUMBER
International Standard Book Number 2859402993
040 ## - CATALOGING SOURCE
Original cataloging agency AM-YeHGA
041 1# - LANGUAGE CODE
Language code of text/sound track or separate title fre
Language code of original eng
100 1# - MAIN ENTRY--PERSONAL NAME
Personal name Irving, Washington,
Dates associated with a name 1783-1859
245 10 - TITLE STATEMENT
Title Astoria :
Remainder of title Le roman vrai de la première conquête de l'Ouest 1810-1814 /
Statement of responsibility, etc. Washington Irving ; traduit de l'anglais par P. N. Grolier ; préface de Michel Le Bris.
260 ## - PUBLICATION, DISTRIBUTION, ETC.
Place of publication, distribution, etc. Paris :
Name of publisher, distributor, etc. Phébus,
Date of publication, distribution, etc. 1993.
300 ## - PHYSICAL DESCRIPTION
Extent 431 p.
650 14 - SUBJECT ADDED ENTRY--TOPICAL TERM
Topical term or geographic name entry element Astoria
General subdivision Description and travel
650 14 - SUBJECT ADDED ENTRY--TOPICAL TERM
Topical term or geographic name entry element Overland journeys to the Pacific
700 1# - ADDED ENTRY--PERSONAL NAME
Personal name Grolier, P. N.
Relationship trl
Holdings
Withdrawn status Lost status Damaged status Not for loan Collection Home library Current library Date acquired Total checkouts Full call number Barcode Date last seen Price effective from Koha item type Public note
        General Fundamental Scientific Library Fundamental Scientific Library 17/02/2026   И II/118616 FL0703819 17/02/2026 17/02/2026 Գրքեր / Books 30 Days Loan


ՀՀ ԳԱԱ հիմնարար գիտական գրադարան
ՀՀ,Երևան 0019
Մարշալ Բաղրամյան 24/6
հեռախոս:(374-10) 52-47-50
Հետադարձ կապ

All site content, except where otherwise noted, is licensed under a
Creative Commons License